[Event "ITA-ch U14"]
[Site "Tarvisio"]
[Date "2014.07.02"]
[Round "5"]
[White "Bisi, Riccardo"]
[Black "Carraro, Riccardo"]
[Result "1-0"]
[WhiteElo "1828"]
[BlackElo "1690"]
[PlyCount "63"]
[EventDate "2014.06.29"]
[EventType "swiss"]
[EventRounds "9"]
[EventCountry "ITA"]
[SourceTitle "EXT 2015"]
[Source "ChessBase"]
[SourceDate "2014.11.20"]
[SourceVersion "1"]
[SourceVersionDate "2014.11.20"]
[SourceQuality "1"]

1. e4 e5 2. Nf3 Nc6 3. Bc4 Bc5 4. c3 Nf6 5. d4 exd4 6. cxd4 Bb4+ 7. Nc3 Bxc3+ 8. bxc3 Nxe4 9. 0-0 0-0 10. Re1 d5 11. Bd3 Bf5 12. Qc2 Re8 13. Bf4 Bg6 14. Qb3 Na5 15. Qa4 c6 16. Bxe4 Bxe4 17. Nd2 b5 18. Qb4 Nc4 19. Nxc4 dxc4 20. a4 a6 21. Be5 Qd5 22. f3 Bd3 23. Bg3 f6 24. Re7 a5 25. Rxe8+ Rxe8 26. Qxa5 bxa4 27. Qxa4 h5 28. Qa7 Qb5 29. Qd7 Re2 30. Qc8+ Kh7 31. Qh3 Qb2 32. Qxh5+ 1-0

[Event "Padova op-B 15th"]
[Site "Padova"]
[Date "2012.12.15"]
[Round "1"]
[White "Barp, Alberto"]
[Black "Carraro, Riccardo"]
[Result "0-1"]
[WhiteElo "1886"]
[BlackElo "1578"]
[PlyCount "68"]
[EventDate "2012.12.15"]
[EventType "swiss"]
[EventRounds "6"]
[EventCountry "ITA"]
[SourceTitle "EXT 2015"]
[Source "ChessBase"]
[SourceDate "2014.11.20"]
[SourceVersion "1"]
[SourceVersionDate "2014.11.20"]
[SourceQuality "1"]

1. d4 d5 2. c4 e6 3. Nc3 Nf6 4. Nf3 c5 5. e3 Nc6 6. cxd5 exd5 7. Bd3 Bg4 8. dxc5 Bxc5 9. 0-0 0-0 10. a3 Re8 11. b4 Bb6 12. h3 Bh5 13. Be2 d4 14. Nxd4 Bxd4 15. exd4 Qxd4 16. Bxh5 Qxc3 17. Bd2 Qd3 18. Bf3 Rad8 19. Be3 Rxe3 20. Qa4 Rxf3 21. Rad1 Qg6 22. Qxc6 Rfd3 23. Rxd3 Qxd3 24. Qxb7 Qxa3 25. Re1 h6 26. Qc7 Re8 27. Rxe8+ Nxe8 28. Qc6 Qa1+ 29. Kh2 Qe5+ 30. g3 Qe2 31. Kg2 Qe7 32. b5 Nd6 33. b6 axb6 34. Qxb6 Qb7+ 0-1